Statistics for Generation Why - Conan Gray (All Lyrics)

Click here to take the quiz!

General Stats

  • This quiz has been taken 52 times
  • The average score is 306 of 413

Answer Stats

Generation Why% Correct
a
97%
Bridge | Intro | OutroWhy
97%
why
97%
Verse 1I
94%
the
92%
to
92%
We
92%
we
92%
on
89%
are
86%
of
86%
one
86%
Generation
83%
in
83%
kind
83%
selfish
83%
and
81%
And
81%
cause
81%
ChorusCause
81%
die
81%
helpless
81%
lose
81%
much
81%
no
81%
our
81%
Our
81%
that
81%
time
81%
wanna
81%
with
81%
all
78%
get
78%
kids
78%
So
78%
too
78%
eyes
75%
into
75%
minds
75%
trouble
75%
cursed
72%
my
69%
we're
69%
We're
69%
you
69%
car
67%
do
67%
do?
67%
Millennium
67%
out
67%
street
67%
Then
67%
Walking
67%
worthless
67%
at
64%
Go
64%
inside
64%
light
64%
don't
61%
fast
61%
got
58%
I've
58%
like
58%
moms
58%
want
58%
always
56%
cares
56%
heard
56%
million
56%
this
56%
Pre-ChorusThis
56%
gone
53%
lawns
53%
ten
53%
times
53%
town
53%
was
53%
window
53%
as
50%
By
50%
cars
50%
haven't
50%
Let's
50%
life
50%
parked
50%
Something
50%
suburbian
50%
think
50%
your
50%
asleep
47%
But
47%
called
47%
friend
47%
meet
47%
Verse 2Parents
47%
wherever
47%
about
44%
blue
44%
both
44%
earth
44%
home
44%
how
44%
keying
44%
off
44%
radium
44%
Talk
44%
til'
44%
turn
44%
grew
42%
laugh
42%
room
42%
soon
42%
moon?
39%
sneaking
39%
won't
39%
decay
36%
dreams
36%
just
36%
move
36%
rate
36%
pursue
33%
ending
31%
noon
31%
big
28%
bound
28%
world's
28%
oh
25%
Oh
25%
rot
25%
use
25%
Could
22%
for
22%
leave
22%
good?
19%
it's
19%
what's
19%
livin'
17%
night
17%
place
17%
trying?
17%
everyone
14%
exactly
14%
Since
14%

Score Distribution

Percentile by Number Answered

Percent of People with Each Score

Your Score History

You have not taken this quiz